| 000 | 00529nam a2200193Ia 4500 | ||
|---|---|---|---|
| 003 | GCL | ||
| 008 | 140319s9999 xx 000 0 ara d | ||
| 040 |
_aGCL / _cGCL |
||
| 082 | 0 | 4 |
_a070.962 _bع ص |
| 100 | 1 | _aعبداللطيف حمزة | |
| 245 | 1 | 0 |
_aالصحافة العربية فى مصر / _cعبداللطيف حمزة |
| 260 |
_a[S.N] : _bدار الفكر العربى ، _c1985 |
||
| 300 | _a224 ص | ||
| 490 | _a | ||
| 650 | 0 | 4 | _aمصر |
| 650 | 0 | 4 | _aتاريخ |
| 650 | 0 | 4 | _aالصحافة |
| 942 |
_2ddc _cBK |
||
| 999 |
_c31695 _d31695 |
||